000 00443nam a2200169 i 4500
001 71685
003 ES-MaACL
005 20230906171211.0
008 040817s1924 ne |||| | fre d
080 _a91.(4)
100 1 _aGermain, André.
_956465
245 1 0 _aPèlerinages européens /
_cAndré Germain.
250 _a5ª ed.
260 _a[Bruges :
_bSta. Catherine],
_c1924.
300 _a202 p. ;
_c19 cm.
852 _aES-MaACL
_jF-4890
999 _c71685
_d71685